| 000 | 00524nam a2200193Ia 4500 | ||
|---|---|---|---|
| 003 | GCL | ||
| 008 | 140319s9999 xx 000 0 eng d | ||
| 020 | _a2724700643 | ||
| 040 |
_aGCL / _cGCL |
||
| 082 | 0 | 4 |
_aCC _b962.03 _bL K |
| 100 | 1 | _aLAURENS, HENRY | |
| 245 | 1 | 0 |
_aKLEBER EN EGYPTE 1798-1800 / _cLAURENS, HENRY |
| 260 |
_aالقاهرة : _bIFAO ، _c1988 |
||
| 300 |
_a4 VOLS _bILL ؛ _c19 cm. |
||
| 650 | 0 | 4 | _aCOLLECTIONS |
| 650 | 0 | 4 | _aEGYPT - HISTORY |
| 650 | 0 | 4 | _aEGYPT - HISTORY - 1517 - 1882 |
| 942 |
_2ddc _cBK |
||
| 999 |
_c17554 _d17554 |
||